La 'Torre del Breny', sepulcro romano de las cercanías de Manresa / Carlos Cid Priego
Descripción Física:
p. 21-54 : il. ; 26 cm
MARC
| LEADER | 00000nam a2200000Ia 4500 | ||
|---|---|---|---|
| 001 | 17556 | ||
| 008 | 160829s1950 xx 000 0 cat d | ||
| 080 | |a FU-2-30 | ||
| 100 | |a Cid Priego, Carlos |9 19791 | ||
| 245 | |a La 'Torre del Breny', sepulcro romano de las cercanías de Manresa / Carlos Cid Priego | ||
| 260 | |a Barcelona : |b [s.n.], |c 1950 | ||
| 300 | |a p. 21-54 : |b il. ; |c 26 cm | ||
| 590 | |a Separata de Ampurias, XII. | ||
| 590 | |a Prové de R.168 del currículum per la plaça de conservador del Museu Arqueològic, 1957 | ||
| 650 | |a Tombes |x Manresa |9 46600 | ||
| 650 | |a Torre del Breny |9 46601 | ||
| 856 | 4 | |u https://media.diba.cat/diba/fitxers/arxiu/fulletons/bib_17556_baixa.pdf |y Accés lliure | |
| 856 | 4 | |u https://media.diba.cat/diba/fitxers/arxiu/fulletons/bib_17556_baixa.pdf |y Accés lliure | |
| 901 | |a Arxiu | ||
| 942 | |n 1 |2 udc | ||
| 952 | |0 0 |1 0 |4 0 |6 FU230 |7 1 |9 53307 |a Arxiu |b Arxiu |d 2016-12-01 |l 0 |o FU-2-30 |p 17556 |r 2016-12-01 00:00:00 |w 2016-12-01 |y ARXIU | ||
| 999 | |c 57171 |d 57171 | ||
| 900 | |a bib_17556_baixa.pdf | ||